[Event "4NCL Online Division 4"]
[Site "online"]
[Date "2020.04.28"]
[Round "4.32"]
[White "Pattni, Kishan"]
[Black "Vasiliadis, Theodoros"]
[Result "1-0"]
[WhiteElo "1757"]
[BlackElo "1820"]
[PlyCount "51"]
[EventDate "2020.04.28"]
[WhiteTeam "Hatch End A"]
[BlackTeam "Bon Accord B"]

1. f4 c5 2. Nf3 d5 3. b3 Nf6 4. Bb2 Bf5 5. e3 e6 6. a4 Bd6 7. Be2 Nbd7 8. O-O
Qc7 9. d3 h6 10. Qe1 O-O-O 11. Nbd2 Rhg8 12. Bd1 Bh7 13. d4 g5 14. Ne5 Rdf8 15.
c4 gxf4 16. exf4 Kb8 17. Bf3 Rg7 18. Rc1 Qb6 19. cxd5 exd5 20. Nxd7+ Nxd7 21.
Bxd5 Nf6 22. Kh1 cxd4 23. Nc4 Qd8 24. Bxd4 Bc7 25. Bxf6 Qxf6 26. Qb4 1-0

[Event "4NCL Online Division 4"]
[Site "online"]
[Date "2020.04.28"]
[Round "4.33"]
[White "Brennan, J Ross"]
[Black "Hayali, Laith"]
[Result "0-1"]
[WhiteElo "1706"]
[BlackElo "1757"]
[PlyCount "110"]
[EventDate "2020.04.28"]
[WhiteTeam "Bon Accord B"]
[BlackTeam "Hatch End A"]

1. d4 Nf6 2. Bg5 Ne4 3. Bf4 d5 4. Nd2 Bf5 5. e3 Nxd2 6. Qxd2 e6 7. Nf3 Nd7 8.
Bd3 Bxd3 9. Qxd3 Bb4+ 10. c3 Bd6 11. Bxd6 cxd6 12. O-O Qb6 13. Rab1 O-O 14. h3
Rac8 15. e4 dxe4 16. Qxe4 Nf6 17. Qd3 Qc6 18. Rfe1 b5 19. a3 a5 20. Rbc1 Qc4
21. Red1 Qxd3 22. Rxd3 Nd5 23. Rdd1 Rc7 24. Nd2 Rfc8 25. g3 Nb6 26. Kf1 d5 27.
Ke2 b4 28. axb4 axb4 29. Kd3 Na4 30. Rc2 bxc3 31. bxc3 Rxc3+ 32. Rxc3 Rxc3+ 33.
Ke2 Ra3 34. Ke1 Kf8 35. Nf1 Nb2 36. Rd2 Ra1+ 37. Ke2 Nc4 38. Rd3 Ra2+ 39. Kf3
Ke7 40. Ne3 Nd2+ 41. Kg2 Ne4 42. Nd1 f5 43. Kf3 g5 44. g4 f4 45. h4 h6 46. hxg5
hxg5 47. Kg2 Rd2 48. Rxd2 Nxd2 49. Nc3 Nb3 50. Ne2 Kd6 51. f3 e5 52. dxe5+ Kxe5
53. Nc3 Kd4 54. Nd1 Kd3 55. Kf2 Kc2 0-1

[Event "4NCL Online Division 4"]
[Site "online"]
[Date "2020.04.28"]
[Round "4.34"]
[White "Breed, Greg J"]
[Black "McRobert, Michael"]
[Result "1-0"]
[WhiteElo "1825"]
[BlackElo "1689"]
[PlyCount "69"]
[EventDate "2020.04.28"]
[WhiteTeam "Hatch End A"]
[BlackTeam "Bon Accord B"]

1. d4 Nf6 2. c4 g6 3. f3 Bg7 4. e4 d6 5. Nc3 O-O 6. Be3 e5 7. dxe5 dxe5 8. Qxd8
Rxd8 9. Nd5 Na6 10. O-O-O Be6 11. Bg5 Bxd5 12. cxd5 Nc5 13. Nh3 Rac8 14. Nf2
Rd6 15. Be2 c6 16. dxc6 Rdxc6 17. Kb1 Ne6 18. Be3 Rc2 19. Bd3 R2c6 20. Bxa7 Bh6
21. Bb5 Rc2 22. g3 Nd4 23. Bxd4 exd4 24. Nd3 Be3 25. Nb4 Rg2 26. e5 Nh5 27. f4
Rc5 28. Bd3 Ng7 29. Be4 Rf2 30. Nd3 Rcc2 31. Nxf2 Rxf2 32. Bxb7 Ne6 33. Bd5 Kg7
34. Bxe6 fxe6 35. a4 1-0

[Event "4NCL Online Division 4"]
[Site "online"]
[Date "2020.04.28"]
[Round "4.41"]
[White "Stewart, Martin"]
[Black "Bozinakis, Pavlos"]
[Result "0-1"]
[WhiteElo "1802"]
[BlackElo "2216"]
[PlyCount "112"]
[EventDate "2020.04.28"]
[WhiteTeam "Catford Cosmonauts 3"]
[BlackTeam "Phones Pals"]

1. e4 e5 2. f4 exf4 3. Nf3 d6 4. Bc4 h6 5. h4 Nf6 6. d3 Nh5 7. Nc3 c6 8. Ne2
Qf6 9. Qd2 g5 10. Qc3 Bg7 11. hxg5 hxg5 12. Bd2 Qg6 13. Qa3 Bg4 14. Bc3 Rh6 15.
O-O-O Bf8 16. b4 b5 17. Bb3 a5 18. bxa5 Na6 19. Qb2 b4 20. Be1 Bg7 21. c3 Nc5
22. Ned4 Nxb3+ 23. Qxb3 c5 24. Qa4+ Bd7 25. Nb5 Rb8 26. c4 g4 27. Nh4 Qf6 28.
Qb3 Ng3 29. Bxg3 fxg3 30. Nf5 Bxf5 31. exf5 Rh2 32. Rhg1 Kd7 33. a6 Rb6 34. d4
Qxf5 35. dxc5 Qxc5 36. a7 Ra6 37. a8=Q Rxa8 38. Rxd6+ Ke7 39. Rgd1 Bh6+ 40. Kb1
Qf5+ 41. Qd3 Qxd3+ 42. R1xd3 Bf4 43. Rd7+ Kf6 44. R7d4 Be5 45. Rxg4 Rh1+ 46.
Kc2 Rxa2+ 47. Kb3 Rb2+ 48. Ka4 Ra1+ 49. Na3 Rxa3+ 50. Rxa3 bxa3 51. Kxa3 Rxg2
52. c5 Rc2 53. Kb4 g2 54. Kb3 Rb2+ 55. Ka3 Rd2 56. c6 Rd3+ 0-1

[Event "4NCL Online Division 4"]
[Site "online"]
[Date "2020.04.28"]
[Round "4.42"]
[White "Shah, Dipen"]
[Black "Sedykh, Stakhey"]
[Result "1/2-1/2"]
[WhiteElo "1501"]
[BlackElo "1772"]
[PlyCount "142"]
[EventDate "2020.04.28"]
[WhiteTeam "Phones Pals"]
[BlackTeam "Catford Cosmonauts 3"]

1. e4 e5 2. Nf3 Nc6 3. Bc4 Bc5 4. c3 Nf6 5. d3 d6 6. Nbd2 Be6 7. Bb3 Qd7 8. Nf1
O-O-O 9. a4 d5 10. Bxd5 Bxd5 11. exd5 Nxd5 12. Ng3 h5 13. O-O f5 14. Ne2 Nf6
15. Bg5 Qxd3 16. Qxd3 Rxd3 17. b4 Be7 18. b5 e4 19. Ne1 Ne5 20. Nxd3 Nxd3 21.
a5 Bc5 22. Bxf6 gxf6 23. Nc1 Ne5 24. Nb3 Nd3 25. Nxc5 Nxc5 26. Rad1 c6 27. bxc6
bxc6 28. Rd6 Nd3 29. Rxc6+ Kd7 30. Rxf6 f4 31. Rb1 Kc7 32. a6 e3 33. fxe3 fxe3
34. Rb7+ Kc8 35. Rc6+ Kd8 36. Rd6+ Kc8 37. Rxd3 Re8 38. Kf1 h4 39. Ke2 h3 40.
gxh3 Rf8 41. Rxe3 Rg8 42. Rxa7 Kb8 43. Rb7+ Ka8 44. Ree7 Rg2+ 45. Kf3 Rf2+ 46.
Kg4 Rg2+ 47. Kf5 Rg5+ 48. Ke6 Re5+ 49. Kd7 Rd5+ 50. Ke8 Rd8+ 51. Kf7 Rf8+ 52.
Ke6 Rf6+ 53. Kd7 Rd6+ 54. Kc8 Rd8+ 55. Kc7 Rd7+ 56. Kb6 Rd6+ 57. Ka5 Rxa6+ 58.
Kb5 Ra5+ 59. Kb4 Ra4+ 60. Kb5 Ra5+ 61. Kc4 Rc5+ 62. Kd4 Rc4+ 63. Ke3 Rxc3+ 64.
Ke4 Rc4+ 65. Ke5 Rc5+ 66. Ke6 Rc6+ 67. Kd7 Rd6+ 68. Ke8 Rd8+ 69. Kf7 Rf8+ 70.
Kg7 Rg8+ 71. Kh7 Rh8+ 1/2-1/2

[Event "4NCL Online Division 4"]
[Site "online"]
[Date "2020.04.28"]
[Round "4.43"]
[White "Kizilay, Huseyin Gokhan"]
[Black "Narang, Vishal"]
[Result "1-0"]
[WhiteElo "1720"]
[BlackElo "1487"]
[PlyCount "101"]
[EventDate "2020.04.28"]
[WhiteTeam "Catford Cosmonauts 3"]
[BlackTeam "Phones Pals"]

1. c4 e5 2. Nc3 c5 3. g3 Nf6 4. Bg2 Be7 5. d3 Nc6 6. Nf3 d6 7. O-O O-O 8. Ng5
Nd4 9. e3 Nc6 10. Nge4 h6 11. b3 Nh7 12. Nd5 f5 13. Nxe7+ Qxe7 14. Nc3 Nf6 15.
Bb2 Rb8 16. a4 a6 17. Re1 Re8 18. Qd2 Bd7 19. Rad1 Rbd8 20. Ne2 Bc8 21. f4 e4
22. Nc3 Nb4 23. dxe4 fxe4 24. Bf1 Bg4 25. Be2 Bxe2 26. Rxe2 Nd3 27. Qc2 Qe6 28.
Ba1 h5 29. Rf1 Qf5 30. Nd1 d5 31. Nf2 Nb4 32. Qc3 d4 33. exd4 cxd4 34. Qxb4 d3
35. Re3 Ng4 36. Nxg4 hxg4 37. Qxb7 Rd7 38. Qb4 d2 39. Rd1 Red8 40. c5 Qd5 41.
Be5 Rb7 42. Qc4 Qxc4 43. bxc4 Rb4 44. Rxe4 Rxa4 45. c6 Ra2 46. c7 Rc8 47. Rd4
Kf7 48. Rd8 Rxc7 49. Bxc7 Rc2 50. Rd4 Rc1 51. R4xd2 1-0

[Event "4NCL Online Division 4"]
[Site "online"]
[Date "2020.04.28"]
[Round "4.44"]
[White "Sharan, Kartike"]
[Black "Oyvat, Cem"]
[Result "1-0"]
[WhiteElo "1140"]
[BlackElo "1667"]
[PlyCount "87"]
[EventDate "2020.04.28"]
[WhiteTeam "Phones Pals"]
[BlackTeam "Catford Cosmonauts 3"]

1. e4 c5 2. Nf3 d6 3. b3 Nc6 4. Nc3 Nf6 5. Bc4 e6 6. d4 cxd4 7. Nxd4 a6 8. Nxc6
bxc6 9. Bg5 Be7 10. O-O O-O 11. Re1 Bb7 12. e5 Nd5 13. Bxe7 Qxe7 14. exd6 Qxd6
15. Ne4 Qe7 16. Be2 Rfd8 17. Qc1 h6 18. c4 Nf6 19. Nxf6+ Qxf6 20. c5 Rd5 21.
Bf3 Rg5 22. Kh1 Rd8 23. Rd1 e5 24. Rxd8+ Qxd8 25. Qe3 Qe7 26. Re1 Qd8 27. Rd1
Qe7 28. b4 f5 29. h4 Rg6 30. Bh5 Qxh4+ 31. Qh3 Qxh3+ 32. gxh3 Rg5 33. Bf3 e4
34. Bg2 a5 35. Bf1 axb4 36. Rd7 f4 37. Rxb7 Rxc5 38. Rxb4 Rc1 39. Kg1 e3 40.
fxe3 fxe3 41. Re4 Ra1 42. Rxe3 Rxa2 43. Bc4+ Kh7 44. Bxa2 1-0

[Event "4NCL Online Division 4"]
[Site "online"]
[Date "2020.04.28"]
[Round "4.51"]
[White "Kitchen, Peter J"]
[Black "Kolbusz, George"]
[Result "0-1"]
[WhiteElo "1862"]
[BlackElo "1892"]
[PlyCount "66"]
[EventDate "2020.04.28"]
[WhiteTeam "Celtic Tigers Cubs"]
[BlackTeam "Shropshire 3"]

1. e4 d5 2. exd5 Qxd5 3. Nc3 Qd6 4. d4 Nf6 5. g3 g6 6. Bg2 Bg7 7. Bf4 Qd8 8.
Nf3 c6 9. O-O O-O 10. Ne5 Nbd7 11. Nc4 Nb6 12. Nxb6 axb6 13. Re1 b5 14. a3 Re8
15. Qd2 Bf5 16. Rad1 Bg4 17. Rc1 Bd7 18. h3 e6 19. Bg5 Qa5 20. Qf4 Nd5 21. Bxd5
exd5 22. Kh2 b4 23. axb4 Qxb4 24. Bf6 Qxb2 25. Bxg7 Kxg7 26. Qd2 Ra3 27. Rxe8
Bxe8 28. Ne2 Qb6 29. Ng1 Ra4 30. Nf3 Qc7 31. Re1 Ra8 32. Re3 Qd8 33. Qe2 Bd7
0-1

[Event "4NCL Online Division 4"]
[Site "online"]
[Date "2020.04.28"]
[Round "4.53"]
[White "Hoong, Jonathan"]
[Black "Maydew, Simon"]
[Result "1-0"]
[WhiteElo "1750"]
[BlackElo "1742"]
[PlyCount "59"]
[EventDate "2020.04.28"]
[WhiteTeam "Celtic Tigers Cubs"]
[BlackTeam "Shropshire 3"]

1. e4 d5 2. exd5 Qxd5 3. Nc3 Qd6 4. Nf3 Nf6 5. Bc4 a6 6. d4 b5 7. Bd3 Bb7 8.
O-O e6 9. Re1 Be7 10. Qe2 O-O 11. a4 b4 12. Ne4 Qc6 13. Ne5 Qe8 14. Nxf6+ Bxf6
15. Qh5 g6 16. Qh3 Nd7 17. Bh6 Bg7 18. Ng4 Qe7 19. Bxg7 Kxg7 20. Qh6+ Kg8 21.
Re3 Rfd8 22. Rae1 Nf8 23. Qf4 Kg7 24. Qe5+ f6 25. Qf4 g5 26. Qf5 Bd5 27. Rh3
Ng6 28. Rxh7+ Kxh7 29. Qxg6+ Kh8 30. Re3 1-0

[Event "4NCL Online Division 4"]
[Site "online"]
[Date "2020.04.28"]
[Round "4.54"]
[White "Hilditch-Love, Daniel"]
[Black "Sturt, Charles A"]
[Result "1-0"]
[WhiteElo "1585"]
[BlackElo "1615"]
[PlyCount "125"]
[EventDate "2020.04.28"]
[WhiteTeam "Shropshire 3"]
[BlackTeam "Celtic Tigers Cubs"]

1. Nf3 f5 2. e3 d6 3. d4 e6 4. b3 Nf6 5. Nbd2 Ne4 6. Bb2 Be7 7. Bd3 Nxd2 8.
Qxd2 O-O 9. c4 a5 10. h3 Qe8 11. O-O Bf6 12. e4 Qh5 13. exf5 exf5 14. d5 Nd7
15. Bxf6 gxf6 16. Qf4 Ne5 17. Be2 Nxf3+ 18. Bxf3 Qg5 19. Qg3 f4 20. Qxg5+ fxg5
21. Rfe1 Bf5 22. Re7 Rf7 23. Rae1 b6 24. Kh2 Kf8 25. R7e2 a4 26. Bh5 axb3 27.
Bxf7 bxa2 28. Ra1 Bb1 29. Bh5 Ra4 30. Re8+ Kg7 31. Be2 h6 32. Re7+ Kf6 33. Re6+
Kg7 34. g3 f3 35. Bxf3 Rxc4 36. Re7+ Kf6 37. Re6+ Kg7 38. Re3 b5 39. Be2 Rc5
40. Bd3 Rxd5 41. Bxb1 axb1=Q 42. Rxb1 c6 43. Rc3 Rc5 44. Rxc5 dxc5 45. Rd1 Kf6
46. Rd6+ Ke5 47. Rxc6 Kd4 48. Kg2 b4 49. Kf1 b3 50. Ke2 b2 51. Rb6 Kc3 52. f4
gxf4 53. gxf4 c4 54. f5 Kc2 55. f6 b1=Q 56. Rxb1 Kxb1 57. f7 c3 58. f8=Q c2 59.
Qxh6 Kb2 60. h4 Kc3 61. Qd2+ Kb2 62. h5 Ka1 63. Qc1+ 1-0

[Event "4NCL Online Division 4"]
[Site "online"]
[Date "2020.04.28"]
[Round "4.61"]
[White "Williams, Stephen M"]
[Black "Zakarian, Dimitrios Levon"]
[Result "0-1"]
[WhiteElo "1892"]
[BlackElo "1877"]
[PlyCount "114"]
[EventDate "2020.04.28"]
[WhiteTeam "Downend 2"]
[BlackTeam "Oxford 3"]

1. d4 Nf6 2. Nf3 e6 3. Bg5 h6 4. Bh4 b6 5. Nbd2 Bb7 6. e4 g5 7. e5 gxh4 8. exf6
Qxf6 9. Bd3 Rg8 10. Rg1 Nc6 11. c3 O-O-O 12. Qe2 d5 13. O-O-O Bd6 14. h3 e5 15.
dxe5 Nxe5 16. Ba6 Rge8 17. Bxb7+ Kxb7 18. Rge1 Qg6 19. Nxe5 Rxe5 20. Qg4 Rde8
21. Rxe5 Rxe5 22. Qxg6 fxg6 23. Nf3 Re2 24. Rxd5 g5 25. Kd1 Rxb2 26. Rd2 Rxd2+
27. Nxd2 Kc6 28. Ke2 Bf4 29. Ne4 Kb5 30. Kd3 Ka4 31. g3 hxg3 32. fxg3 Be5 33.
Kc2 Ka3 34. Kb1 c5 35. g4 c4 36. Ka1 b5 37. Kb1 a5 38. Ka1 b4 39. Kb1 bxc3 40.
Nc5 Kb4 41. Nd7 Bg7 42. Nb6 Kc5 43. Nd7+ Kd4 44. Kc2 Kd5 45. Nb6+ Kc5 46. Nd7+
Kc6 47. Nb8+ Kd6 48. a4 Bd4 49. Na6 Kd7 50. Kc1 Kc8 51. Kc2 Kb7 52. Nc5+ Bxc5
53. Kxc3 Kc6 54. Kxc4 Bg1 55. Kc3 Kc5 56. Kb3 Kd4 57. Kc2 Kc4 0-1

[Event "4NCL Online Division 4"]
[Site "online"]
[Date "2020.04.28"]
[Round "4.62"]
[White "Finn, Chris"]
[Black "Burroughs, Adam"]
[Result "0-1"]
[WhiteElo "1877"]
[BlackElo "1847"]
[PlyCount "72"]
[EventDate "2020.04.28"]
[WhiteTeam "Oxford 3"]
[BlackTeam "Downend 2"]

1. d4 d5 2. Nf3 Nf6 3. Bg5 e6 4. e3 c5 5. c3 Nbd7 6. Bd3 Be7 7. Nbd2 c4 8. Bc2
h6 9. Bh4 O-O 10. O-O b5 11. Re1 Bb7 12. Qe2 a5 13. e4 dxe4 14. Nxe4 Nxe4 15.
Bxe4 Bxe4 16. Qxe4 Bxh4 17. Qxh4 Qxh4 18. Nxh4 Nf6 19. f4 g6 20. Re5 Rfb8 21.
Rc5 Kg7 22. Re1 b4 23. Rxc4 bxc3 24. bxc3 Nd5 25. f5 gxf5 26. Rc1 Rb2 27. Rc5
Nf4 28. Ra1 Rc2 29. Nf3 Rxg2+ 30. Kf1 Rb8 31. Ne1 Rxh2 32. Kg1 Re2 33. Re5 Rbb2
34. Rxe2 Rxe2 35. Kf1 Rd2 36. a4 Nh3 0-1

[Event "4NCL Online Division 4"]
[Site "online"]
[Date "2020.04.28"]
[Round "4.63"]
[White "Pickup, Ian R"]
[Black "Cole, Graham"]
[Result "1/2-1/2"]
[WhiteElo "1780"]
[BlackElo "1818"]
[PlyCount "111"]
[EventDate "2020.04.28"]
[WhiteTeam "Downend 2"]
[BlackTeam "Oxford 3"]

1. e4 c5 2. Nf3 d6 3. d4 cxd4 4. Nxd4 Nf6 5. Nc3 g6 6. f3 Bg7 7. Be3 O-O 8. Qd2
Nc6 9. O-O-O d5 10. exd5 Nxd5 11. Nxc6 bxc6 12. Nxd5 cxd5 13. Qxd5 Qc7 14. Qc5
Qb7 15. Qb5 Qxb5 16. Bxb5 Rb8 17. Bc4 Bxb2+ 18. Kd2 a5 19. Ke2 Bf5 20. Bb3 Rfc8
21. c4 a4 22. Bxa4 Rxc4 23. Bb3 Rcc8 24. Bd4 Ba3 25. Be3 Bc2 26. Bxc2 Rxc2+ 27.
Rd2 Rbb2 28. Rhd1 Rxa2 29. Rxc2 Rxc2+ 30. Rd2 Rxd2+ 31. Kxd2 Bd6 32. h3 f6 33.
Kd3 Kf7 34. f4 Ke6 35. Ke4 f5+ 36. Kf3 Kf6 37. Bc1 h6 38. h4 h5 39. Bd2 Ke6 40.
Bc1 Kd5 41. Be3 Bc5 42. Bc1 Kc4 43. Bd2 Kd3 44. Ba5 Bd6 45. Be1 Bc5 46. Ba5 Bd4
47. Bb4 Bf6 48. g3 Kc4 49. Be1 Kd5 50. Bd2 e5 51. fxe5 Bxe5 52. Be3 Ke6 53. Bd2
Kd5 54. Be3 Ke6 55. Bd2 Kd5 56. Be3 1/2-1/2

[Event "4NCL Online Division 4"]
[Site "online"]
[Date "2020.04.28"]
[Round "4.64"]
[White "Bush, Ian"]
[Black "Benkhoucha, Samy"]
[Result "1/2-1/2"]
[WhiteElo "1870"]
[BlackElo "1427"]
[PlyCount "140"]
[EventDate "2020.04.28"]
[WhiteTeam "Oxford 3"]
[BlackTeam "Downend 2"]

1. e4 e5 2. Nf3 Nc6 3. Bc4 Bc5 4. b4 Bxb4 5. c3 Ba5 6. d4 Bb6 7. O-O d6 8. dxe5
Nxe5 9. Nxe5 dxe5 10. Qxd8+ Kxd8 11. Bxf7 Nf6 12. Nd2 Ke7 13. Bb3 Be6 14. h3
Rad8 15. Bc2 Nd7 16. Nf3 h6 17. a4 Bc5 18. Re1 Rhf8 19. Ba3 Bxa3 20. Rxa3 Bxh3
21. Nh4 Be6 22. Ng6+ Kf6 23. Nxf8 Rxf8 24. Bb3 Bxb3 25. Rxb3 Nc5 26. Rb5 b6 27.
a5 Rd8 28. axb6 axb6 29. Re3 Rd1+ 30. Kh2 Rc1 31. Rb4 Rc2 32. Kg3 g5 33. Kf3 h5
34. Rc4 Nb3 35. Rc6+ Ke7 36. Kg3 Nd2 37. Re1 Kd7 38. Rg6 Rxc3+ 39. Kh2 Rc4 40.
Rd1 Rd4 41. Rg7+ Kd6 42. Rc1 c5 43. Rg6+ Kc7 44. Rxg5 Nxe4 45. Rxe5 Nxf2 46.
Rxh5 Nd3 47. Rb1 Rd6 48. g4 c4 49. Kg3 c3 50. Rh2 Rc6 51. Rc2 Nc5 52. Kf3 Ne6
53. Ke3 Rc4 54. Kd3 Rxg4 55. Rxc3+ Nc5+ 56. Kc2 Kc6 57. Rh3 Rg2+ 58. Kc3 Rg6
59. Re3 b5 60. Kb4 Rg4+ 61. Kc3 Rc4+ 62. Kd2 b4 63. Re8 Ne4+ 64. Kd3 Nd6 65.
Rb8 Kc5 66. Rd8 Rd4+ 67. Kc2 Nb5 68. Rxd4 Nxd4+ 69. Kd3 Nb5 70. Rxb4 Kxb4
1/2-1/2

[Event "4NCL Online Division 4"]
[Site "online"]
[Date "2020.04.28"]
[Round "4.71"]
[White "Tarling, Ray"]
[Black "Dean, Robert A"]
[Result "1-0"]
[WhiteElo "1930"]
[BlackElo "1744"]
[PlyCount "123"]
[EventDate "2020.04.28"]
[WhiteTeam "Guildford Gatekeepers"]
[BlackTeam "Bradford DCA Knights B"]

1. e4 e6 2. d4 d5 3. exd5 exd5 4. c4 Bb4+ 5. Nc3 Qe7+ 6. Be3 Nf6 7. a3 Bxc3+ 8.
bxc3 O-O 9. Nf3 Nc6 10. Bd3 dxc4 11. Bxc4 Ng4 12. Qd2 Re8 13. O-O Nxe3 14. fxe3
Bf5 15. e4 Bg6 16. Ng5 Nd8 17. e5 h6 18. Nf3 Ne6 19. Qf2 c6 20. Nh4 Bh7 21. Nf5
Bxf5 22. Qxf5 Rad8 23. Bd3 g6 24. Qh3 Qg5 25. Bc4 Re7 26. Rf6 Nf4 27. Qf3 Nd5
28. Bxd5 Rxd5 29. Rf1 Rdd7 30. h3 a6 31. Rf4 h5 32. h4 Qh6 33. g3 Qg7 34. Rf6
Qh6 35. Rf4 Qg7 36. g4 hxg4 37. Rxg4 Qh6 38. Rf4 c5 39. Rf2 cxd4 40. cxd4 Qh5
41. Kg2 Qxf3+ 42. R2xf3 b5 43. Kg3 Rc7 44. Kg4 Rc1 45. Kg5 Kg7 46. h5 Rg1+ 47.
Rg4 Rxg4+ 48. Kxg4 gxh5+ 49. Kxh5 Rd7 50. Rd3 Rd5 51. Kg4 Kg6 52. Kf4 Rd7 53.
Rg3+ Kh7 54. Ke4 Rc7 55. d5 Rc4+ 56. Kf5 a5 57. Kf6 Rf4+ 58. Ke7 b4 59. axb4
axb4 60. d6 Rf5 61. d7 Rxe5+ 62. Kxf7 1-0

[Event "4NCL Online Division 4"]
[Site "online"]
[Date "2020.04.28"]
[Round "4.72"]
[White "Ibbitson, Anthony"]
[Black "Kammin, Samuel"]
[Result "0-1"]
[WhiteElo "1735"]
[BlackElo "1795"]
[PlyCount "72"]
[EventDate "2020.04.28"]
[WhiteTeam "Bradford DCA Knights B"]
[BlackTeam "Guildford Gatekeepers"]

1. e4 c5 2. Nc3 d6 3. g3 Nf6 4. Bg2 g6 5. d3 Nc6 6. f4 Bg7 7. Nf3 O-O 8. O-O
Qb6 9. h3 e6 10. g4 h5 11. g5 Ne8 12. Nh4 Ne7 13. f5 Bd4+ 14. Kh1 exf5 15. exf5
Nxf5 16. Nxf5 Bxf5 17. Nd5 Qd8 18. Qe2 Be6 19. Nf4 Ng7 20. c3 Be5 21. Bxb7 Rb8
22. Be4 Bxf4 23. Bxf4 Bxh3 24. Qh2 Bxf1 25. Rxf1 Rb6 26. Bd5 Nf5 27. Bc1 Re8
28. Rxf5 Re1+ 29. Kg2 Rxc1 30. Bxf7+ Kg7 31. Bb3 Rxb3 32. axb3 Rc2+ 33. Rf2
Qxg5+ 34. Qg3 Qxg3+ 35. Kxg3 Rxf2 36. Kxf2 Kf6 0-1

[Event "4NCL Online Division 4"]
[Site "online"]
[Date "2020.04.28"]
[Round "4.73"]
[White "Merriman, Rob"]
[Black "Tait, Bill"]
[Result "1-0"]
[WhiteElo "1727"]
[BlackElo "1640"]
[PlyCount "49"]
[EventDate "2020.04.28"]
[WhiteTeam "Guildford Gatekeepers"]
[BlackTeam "Bradford DCA Knights B"]

1. e4 e5 2. Nf3 d6 3. d4 exd4 4. Nxd4 Nf6 5. Bd3 Nbd7 6. O-O Be7 7. c4 Nc5 8.
Re1 Nxd3 9. Qxd3 O-O 10. Nc3 Re8 11. b3 Bd7 12. Bb2 c5 13. Nf3 Bc6 14. Rad1 Qc7
15. Nd5 Bxd5 16. exd5 h6 17. Nh4 Nh7 18. Qg3 Bf8 19. Nf5 Ng5 20. h4 Qd7 21.
Nxh6+ gxh6 22. hxg5 Qf5 23. gxh6+ Kh7 24. Bg7 Bxg7 25. Qxg7# 1-0

[Event "4NCL Online Division 4"]
[Site "online"]
[Date "2020.04.28"]
[Round "4.74"]
[White "Gallagher, Dominic"]
[Black "Tarling, Adam"]
[Result "0-1"]
[WhiteElo "1570"]
[BlackElo "1705"]
[PlyCount "46"]
[EventDate "2020.04.28"]
[WhiteTeam "Bradford DCA Knights B"]
[BlackTeam "Guildford Gatekeepers"]

1. d4 Nf6 2. Bf4 e6 3. e3 d5 4. c3 Bd6 5. Bg3 O-O 6. Nd2 Re8 7. Ngf3 Nc6 8. Ne5
Ne7 9. Bd3 Ng6 10. Qf3 Bxe5 11. dxe5 Nd7 12. Bxg6 fxg6 13. Rd1 c5 14. Qg4 Nf8
15. Ne4 Qb6 16. Nd6 Re7 17. Bh4 Rd7 18. Qe2 Qa5 19. a3 Qa4 20. f4 b6 21. O-O
Ba6 22. c4 dxc4 23. Qc2 Qxc2 0-1

[Event "4NCL Online Division 4"]
[Site "online"]
[Date "2020.04.28"]
[Round "4.81"]
[White "Patel, Rishi"]
[Black "Rossiter, Alex"]
[Result "1-0"]
[WhiteElo "1891"]
[BlackElo "1997"]
[PlyCount "63"]
[EventDate "2020.04.28"]
[WhiteTeam "Harrow 3"]
[BlackTeam "Bristol Cabot Blackbeards"]

1. e4 e5 2. Nf3 Nc6 3. Bc4 Nf6 4. d3 Be7 5. Nc3 d6 6. h3 Na5 7. Bb3 O-O 8. O-O
c6 9. Bd2 Qc7 10. Ne2 Nxb3 11. axb3 Re8 12. Ng3 d5 13. Re1 Bf8 14. Bg5 Nd7 15.
d4 f6 16. Bd2 g6 17. dxe5 dxe4 18. Nxe4 fxe5 19. Bg5 Bg7 20. Qd2 Nf8 21. Bh6
Bf5 22. Bxg7 Qxg7 23. Qe3 Bxe4 24. Qxe4 Nd7 25. Re2 Re7 26. Rae1 Rae8 27. Qb4
b5 28. c4 e4 29. cxb5 cxb5 30. Rxe4 Rxe4 31. Rxe4 Rxe4 32. Qxe4 1-0

[Event "4NCL Online Division 4"]
[Site "online"]
[Date "2020.04.28"]
[Round "4.82"]
[White "Turner, Lewis A"]
[Black "Manmay Chopra"]
[Result "1/2-1/2"]
[WhiteElo "1802"]
[BlackElo "1855"]
[PlyCount "78"]
[EventDate "2020.04.28"]
[WhiteTeam "Bristol Cabot Blackbeards"]
[BlackTeam "Harrow 3"]

1. d4 Nf6 2. Bf4 d5 3. e3 c5 4. c3 Nc6 5. Bd3 e6 6. Nd2 Bd6 7. Bg3 O-O 8. Ngf3
b6 9. O-O Ne7 10. Bxd6 Qxd6 11. Ne5 Nf5 12. Qf3 Ne7 13. Qh3 Ng6 14. f4 a5 15.
Rf3 Ba6 16. Bc2 Bb7 17. g4 Ne4 18. Nxe4 dxe4 19. Rg3 cxd4 20. cxd4 Rac8 21. Bb3
Bd5 22. Qh5 Bxb3 23. Rh3 h6 24. axb3 Nxe5 25. fxe5 Qe7 26. Rf1 Rc2 27. Rf6 Qb4
28. Rf1 Qd2 29. Rg3 Qe2 30. Qh3 Rxb2 31. g5 hxg5 32. Rxg5 Rxb3 33. Rxg7+ Kxg7
34. Qg3+ Kh8 35. Qh4+ Kg7 36. Qg5+ Kh7 37. Qh4+ Kg7 38. Qg5+ Kh7 39. Qh4+ Kg7
1/2-1/2

[Event "4NCL Online Division 4"]
[Site "online"]
[Date "2020.04.28"]
[Round "4.83"]
[White "Cobben, Jan M"]
[Black "Marston, Alastair"]
[Result "1-0"]
[WhiteElo "1787"]
[BlackElo "1720"]
[PlyCount "47"]
[EventDate "2020.04.28"]
[WhiteTeam "Harrow 3"]
[BlackTeam "Bristol Cabot Blackbeards"]

1. e4 e6 2. d4 d5 3. Nc3 Bb4 4. Nge2 Nc6 5. a3 Ba5 6. b4 Bb6 7. e5 Nge7 8. Be3
O-O 9. Na4 Nf5 10. Nxb6 axb6 11. Ng3 Nxe3 12. fxe3 f6 13. b5 Na5 14. Qh5 g6 15.
Qh6 fxe5 16. dxe5 Qe7 17. Bd3 Qg7 18. Qg5 Bd7 19. h4 Nc4 20. Bxc4 dxc4 21. Ne4
Bxb5 22. Nf6+ Kh8 23. h5 h6 24. hxg6 1-0

[Event "4NCL Online Division 4"]
[Site "online"]
[Date "2020.04.28"]
[Round "4.84"]
[White "Roberts, Mike"]
[Black "O'Neill, Richard"]
[Result "0-1"]
[WhiteElo "1450"]
[BlackElo "1645"]
[PlyCount "102"]
[EventDate "2020.04.28"]
[WhiteTeam "Bristol Cabot Blackbeards"]
[BlackTeam "Harrow 3"]

1. d4 Nf6 2. Bf4 g6 3. e3 Bg7 4. h3 d6 5. Nf3 Nbd7 6. c4 O-O 7. Be2 b6 8. O-O
Bb7 9. Nbd2 Re8 10. Rb1 e5 11. dxe5 Nh5 12. Bg5 f6 13. exf6 Bxf6 14. Bxf6 Nhxf6
15. Nd4 Nc5 16. Bf3 Nce4 17. Nxe4 Bxe4 18. Rc1 Qd7 19. Be2 a6 20. f3 Bb7 21.
Rc3 c5 22. Nc2 Nh5 23. Qe1 Qe7 24. Qf2 Nf4 25. Bd1 Nh5 26. f4 Nf6 27. Rb3 Ne4
28. Qe1 Qc7 29. Bf3 Rad8 30. f5 d5 31. Bxe4 Rxe4 32. fxg6 hxg6 33. cxd5 Bxd5
34. Rd3 Bc4 35. Rxd8+ Qxd8 36. Rf4 Rxf4 37. exf4 Bxa2 38. Kh2 Qf6 39. Qg3 Kg7
40. b4 Bb1 41. Ne3 cxb4 42. Nd5 Qd6 43. Ne3 a5 44. Nc4 Qd3 45. Qxd3 Bxd3 46.
Nxb6 b3 47. Na4 Bb5 48. Nc3 b2 49. Kg1 a4 50. Kf2 a3 51. Nxb5 a2 0-1

[Event "4NCL Online Division 4"]
[Site "online"]
[Date "2020.04.28"]
[Round "4.91"]
[White "Cook, John"]
[Black "Retallick, Lloyd"]
[Result "0-1"]
[WhiteElo "1815"]
[BlackElo "2065"]
[PlyCount "100"]
[EventDate "2020.04.28"]
[WhiteTeam "Kent KJCA Kestrels C"]
[BlackTeam "East Cornwall Killers"]

1. c4 e6 2. g3 d5 3. cxd5 exd5 4. Bg2 Nf6 5. Nf3 c6 6. d4 Bd6 7. Nc3 O-O 8. O-O
Re8 9. Re1 Nbd7 10. Qc2 Ne4 11. Nxe4 dxe4 12. Ng5 Bb4 13. Rd1 Nf6 14. Qb3 Qe7
15. a3 Bd6 16. Be3 h6 17. Nh3 Nd5 18. Nf4 Bxf4 19. Bxf4 Nxf4 20. gxf4 e3 21.
fxe3 Be6 22. Qc3 Bd5 23. Bxd5 cxd5 24. Rac1 Qh4 25. Qe1 Qg4+ 26. Qg3 Qxe2 27.
Re1 Qd3 28. Kh1 Re6 29. Rg1 Rg6 30. Qf2 Qe4+ 31. Rg2 Re8 32. Re1 Rc8 33. Reg1
Rcc6 34. h3 Rb6 35. Kh2 Rb3 36. Rxg6 fxg6 37. Qg3 Rxb2+ 38. Rg2 Rxg2+ 39. Qxg2
Qxg2+ 40. Kxg2 Kf7 41. Kf2 Ke6 42. Kf3 b5 43. e4 dxe4+ 44. Kxe4 a5 45. d5+ Kd6
46. Kd4 b4 47. axb4 axb4 48. Kc4 b3 49. Kxb3 Kxd5 50. Kc3 Ke4 0-1

[Event "4NCL Online Division 4"]
[Site "online"]
[Date "2020.04.28"]
[Round "4.92"]
[White "Healey, Grant"]
[Black "Verma, Shlok"]
[Result "0-1"]
[WhiteElo "1952"]
[BlackElo "1722"]
[PlyCount "92"]
[EventDate "2020.04.28"]
[WhiteTeam "East Cornwall Killers"]
[BlackTeam "Kent KJCA Kestrels C"]

1. d4 d5 2. Bg5 Nf6 3. Nf3 e6 4. e3 Be7 5. Bb5+ Bd7 6. Bd3 O-O 7. Ne5 c5 8.
Nxd7 Nbxd7 9. c3 h6 10. Bh4 Re8 11. Nd2 Qb6 12. b3 e5 13. dxe5 Nxe5 14. Bc2 Qa5
15. Nb1 Rad8 16. O-O Nc6 17. Qf3 Ne5 18. Qh3 Qb6 19. f4 Ng6 20. Bxg6 fxg6 21.
Qg3 Ne4 22. Qh3 Bxh4 23. Qxh4 c4 24. Qe1 Nf6 25. Rf3 d4 26. cxd4 Qxd4 27. Qc3
Qxc3 28. Nxc3 Rd3 29. e4 Nxe4 30. Nxe4 Rxe4 31. Rxd3 cxd3 32. g3 Re2 33. h3 Kf7
34. Kf1 Rh2 35. Kg1 Rxh3 36. Kg2 Rh5 37. Rd1 Rd5 38. g4 h5 39. g5 Ke6 40. Kf3
Kf5 41. Ke3 d2 42. a3 h4 43. b4 h3 44. Kf3 h2 45. Kg2 Kxf4 46. Kxh2 Ke3 0-1